Révision maths - Statistiques

Statistiques générales
  • Ce quiz a été pris 88 fois
  • Le résultat moyen est 13 sur 19
Statistiques - réponses
f(x) f'(x) point tangente % Correct
k 0 (a,f(a)) y=f'(a)(x-a)-f(a)
93%
ln(x) 1/x
91%
1/x -1/x^2
90%
x^1/2 1/2x^1/2
89%
u^1/2 u'/2u^1/2
86%
ln(u) u'/u
84%
cos(x) -sin(x)
83%
u+v u'+v'
80%
sin(x) cos(x)
79%
e^x e^x
79%
x^n nx^n-1
74%
uv u'v+uv'
70%
u/v (u'v-uv')/v²
70%
ku ku'
67%
e^u u'e^u
63%
cos(u) -u'sin(u)
52%
sin(u) u'cos(u)
51%
u^n nu^n-1
44%
y=f'(a)(x-a)-f(a) (a,f(a))
1%
Aucun quiz correspondant
Distribution des résultats
% des personnes avec chaque résultat
Percentile par nombre de réponses
Votre historique - résultats
Vous n’avez pas pris ce quiz